Actas del Primer Simposio de Estudios Sefardíes / (Record no. 144115)

MARC details
000 -LEADER
campo de control de longitud fija 00981nam a2200241 i 4500
001 - NÚMERO DE CONTROL
campo de control 144115
003 - IDENTIFICADOR DE NÚMERO DE CONTROL
campo de control ES-MaACL
005 - FECHA Y HORA DE LA ÚLTIMA TRANSACCIÓN
campo de control 20231024172020.0
007 - CAMPO FIJO DE DESCRIPCIÓN FÍSICA--INFORMACIÓN GENERAL
campo de control de longitud fija t|
008 - DATOS DE LONGITUD FIJA--INFORMACIÓN GENERAL
campo de control de longitud fija 070214s1970 sp r ||||1| spa d
111 2# - ENTRADA PRINCIPAL--NOMBRE DE CONGRESO/REUNIÓN
Nombre de congreso/reunión o jurisdicción como elemento de entrada Simposio de Estudios Sefardíes (
Sede del congreso/Lugar de la reunión Madrid (
Fecha del congreso o de la firma del tratado 1964) (
Número del congreso/reunión o número de parte o sección . 1º)
9 (RLIN) 220971
245 10 - MENCIÓN DEL TÍTULO
Título Actas del Primer Simposio de Estudios Sefardíes /
Mención de responsabilidad, etc. edición a cargo de Iacob M. Hassán ; con la colaboración de Mª Teresa Rubiato y Elena Romero.
260 ## - PUBLICACIÓN, DISTRIBUCIÓN, ETC.
Lugar de publicación, distribución, etc. Madrid :
Nombre del editor, distribuidor, etc. Instituto Arias Montano,
Fecha de publicación, distribución, etc. 1970.
300 ## - DESCRIPCIÓN FÍSICA
Extensión XXVI, 781 p., 27 lám. ;
Dimensiones 25 cm.
490 1# - MENCIÓN DE SERIE
Mención de serie Publicaciones de estudios sefardíes. Serie 1. Colectanea ;
Designación de volumen o secuencia 1
650 04 - PUNTO DE ACCESO ADICIONAL DE MATERIA--TÉRMINO DE MATERIA
Término de materia o nombre geográfico como elemento de entrada Sefardíes.
9 (RLIN) 17011
700 1# - ENTRADA AGREGADA--NOMBRE PERSONAL
Nombre de persona Hassán, Iacob M.
9 (RLIN) 62044
700 1# - ENTRADA AGREGADA--NOMBRE PERSONAL
Nombre de persona Rubiato, María Teresa.
9 (RLIN) 100314
700 1# - ENTRADA AGREGADA--NOMBRE PERSONAL
Nombre de persona Romero, Elena,
Fechas asociadas al nombre 1942-
9 (RLIN) 99318
830 0# - PUNTO DE ACCESO ADICIONAL DE SERIE-TÍTULO UNIFORME
Título uniforme Publicaciones de estudios sefardíes. Serie 1. Colectanea ;
Designación de volumen o secuencia 1
9 (RLIN) 220638
852 ## - LOCALIZACIÓN
Ubicación ES-MaACL
Número de control de estantería C-37440
Sublocalización o colección R.75803
Holdings
Estatus retirado Estado de pérdida Estado de daño No para préstamo Biblioteca de origen Biblioteca actual Ubicación en estantería Fecha de adquisición Fuente de adquisición Total de préstamos Signatura topográfica completa Código de barras Visto por última vez Precio de reemplazo Tipo de ítem Koha
        Biblioteca del Ateneo de Madrid Biblioteca del Ateneo de Madrid Depósito 2 17/01/2008     C-37440 1149939 23/02/2023 23/02/2023 Libro impreso